Environmental performance measurement

Guardat en:
Dades bibliogràfiques
Autor principal: DANIEL ESTY
Format: Llibre
Idioma:Undetermined
Publicat: Oxford 2001
Etiquetes: Afegir etiqueta
Sense etiquetes, Sigues el primer a etiquetar aquest registre!
Thư viện lưu trữ: Trung tâm Học liệu Trường Đại học Cần Thơ
LEADER 00398nam a2200145Ia 4500
001 CTU_49650
008 210402s9999 xx 000 0 und d
082 |a 310 
082 |b E61 
100 |a DANIEL ESTY 
245 0 |a Environmental performance measurement 
245 0 |c DANIEL ESTY, Peter K. Cornelius 
260 |b Oxford 
260 |c 2001 
980 |a Trung tâm Học liệu Trường Đại học Cần Thơ